000 00309nam a22001217a 4500
008 160521b xxu||||| |||| 00| 0 eng d
020 _a9781269517027
020 _a9781269517027
041 _aeng
080 _a579
245 _aPracticng biology:
_cScott Freeman; Jean Heitz; Cynthia Giffen;
942 _2udc
_cBK
999 _c2360
_d2360